000 01769nam a2200349 c 4500
003 BLK
005 20200630170633.0
008 180411b bul|||||r ||||||| ||bul||
010 _aKNG00197392000
040 _aBLK
041 _aBUL
_cBUL
080 _aАмериканска литература (на САЩ)
_b821.111(73)
_x(081.2)
_z821.111(73)(081.2)
080 _aАмериканска литература (на САЩ)
_b821.111(73)
_x-31
_z821.111(73)-31
080 _aАмериканска литература (на САЩ)
_b821.111(73)
_x-32
_z821.111(73)-32
100 1 _aХемингуей, Ърнест
_eпърви автор
_9367561
700 1 _aНеделчева, Мариана
_eред. кол.
_9367603
700 1 _aИванов, Димитри
_eсъстав. и прев. на том
_9380841
139 _aХемингуей, Ърнест
_bХ 41
245 1 0 _aИзбрани творби
_bВ 3 т.
_cЪрнест Хемингуей; ред. кол. Мариана Неделчева; състав. и прев. на том Димитри Иванов.
_nТ. 3
_pРомани
257 _aUSA
260 София
_bНар. култура
_c1989 -
300 _c21 см
380 _aX
500 _aДруги ред.: Д. Иванов, Н. Попов. - Без тир.
505 _g
_r
_tПовести
760 1 _aХемингуей, Ърнест
_d1990
_h783 с.
_nОриг. загл. For whom the bell tolls ; The old man and the sea ; The short happy life of Francis Macomber ; The snows of Kilimanjaro ; A moveable feast / Ernest Hemingway
_tТ. 3 Романи
852 _aЦб 158063
856 4 _qpdf
_u
856 4 _qpdf
_u
942 _cKNG
_n0
_05
944 _aCR
_c05.12.2016
_kВаля_Йорданова
944 _aED
_c05.12.2016
_kВаля_Йорданова
999 _c188374
_d188374